00750nmm a2200241 a 4500003000900000005001700009008004100026020001800067040001300085100001600098245007000114260004300184300001600227500004200243500003500285650002800320650002200348650002100370650002900391651001900420653002900439700004000468AR-BaBNM20251128210608.0180020s1997 ||||||||||||||000 | spa|| a0-8077-3662-7 cAR-BaBNM1 aAnyon, Jean10aGhetto schoolingba political economy of urban educational reform aNew YorkbTeachers College Pressc1997 axix, 216 p. aContiene referencias bibliográficas aContiene índice alfabético 4aREFORMA DE LA EDUCACION 4aESTUDIOS DE CASOS 4aEDUCACION URBANA 4aHISTORIA DE LA EDUCACION 4aEstados Unidos aDISCRIMINACION EDUCATIVA1 aWilson, William Juliuseprologuista